Dynamická optimalizácia procesov s hybridnou dynamikou
Salvato in:
| Autore principale: | |
|---|---|
| Natura: | Libro |
| Lingua: | slovacco |
| Pubblicazione: |
Bratislava
Fakulta chemickej a potravinárskej technológie STU
2006
|
| Soggetti: | |
| Accesso online: | Visualizza in OPAC |
| Tags: |
Nessun Tag, puoi essere il primo ad aggiungerne!!
|
MARC
| LEADER | 00000nam a2200000 a 4500 | ||
|---|---|---|---|
| 005 | 20260127134110.0 | ||
| 008 | 080502 2006 xo 000 0 slo d | ||
| 035 | |a vtls009291299 | ||
| 039 | 9 | |a 200805200920 |b mschk02 |y 200805021043 |z mschk02 | |
| 040 | |a STUSCHK1 |b slo |c STUSCHK1 |e AACR2 | ||
| 100 | 1 | |a Hirmajer, Tomáš, |d 1980- | |
| 245 | 1 | |a Dynamická optimalizácia procesov s hybridnou dynamikou | |
| 260 | |a Bratislava |b Fakulta chemickej a potravinárskej technológie STU |c 2006 | ||
| 300 | |a 96 s. |b tab.,grafy,lit. |c 30 cm | ||
| 500 | |a Ústav informatizácie, automatizácie a matematiky, Odd. informatizácie a riadenia procesov | ||
| 650 | 0 | |a dynamická optimalizácia hybridných systémov | |
| 910 | |a SCHK95 | ||
| 999 | |c 4030 |d 4030 | ||